Fargo's Souls Bosses - Statistics

General Stats
  • This quiz has been taken 10 times
  • The average score is 10 of 15
Answer Stats
Answer % Correct
Trojan Squirrel
100%
Champion of Life
88%
Mutant
88%
Champion of Earth
75%
Champion of Terra
75%
Champion of Timber
75%
Eridanus
75%
Abominationn
63%
Banished Baron
63%
Champion of Shadow
63%
Deviantt
63%
Lifelight
63%
Champion of Spirit
50%
Champion of Nature
38%
Champion of Will
25%
No matching quizzes found
Score Distribution
Percent of People with Each Score
Percentile by Number Answered
Your Score History
You have not taken this quiz